Ritual landscapes and borders within rock art research : papers in honour of Professor Kalle Sognnes /

Ritual landscapes and borders are recurring themes running through Professor Kalle Sognnes' long research career. This anthology contains 13 articles written by colleagues from his broad network in appreciation of his many contributions to the field of rock art research.

محفوظ في:

مؤلفون آخرون: Stebergløkken, Heidrun (المحرر), Berge, Ragnhild (المحرر), Lindgaard, Eva (المحرر), Stuedal, Vangen (المحرر), Sognnes, Kalle (honouree.)

التنسيق: كتاب الكتروني

اللغة: English

منشور في: Oxford : Archaeopress Publishing Ltd, [2015]

الموضوعات:

الوصول للمادة أونلاين: Login to view Source

الوسوم: إضافة وسم

لا توجد وسوم, كن أول من يضع وسما على هذه التسجيلة!

رقم الطلب: GN799.P4

LEADER 01919nam a2200421 i 4500
001 EDZ0001353106
003 StDuBDS
005 20230412181605.0
006 m|||||o||d||||||||
007 cr |||||||||||
008 160314t20152015enka f b 010|0|eng|d
020 |a 9781784911591 (PDF ebook) :  |c No price 
040 |a StDuBDS  |b eng  |c StDuBDS  |e rda  |e pn 
050 4 |a GN799.P4 
082 0 4 |a 709.0113  |2 23 
245 0 0 |a Ritual landscapes and borders within rock art research :  |b papers in honour of Professor Kalle Sognnes /  |c edited by Heidrun Stebergløkken, Ragnhild Berge, Eva Lindgaard and Helle Vangen Stuedal. 
264 1 |a Oxford :  |b Archaeopress Publishing Ltd,  |c [2015] 
264 4 |c ©2015 
300 |a 1 online resource :  |b illustrations (colour) 
336 |a text  |2 rdacontent 
336 |a still image  |2 rdacontent 
337 |a computer  |2 rdamedia 
338 |a online resource  |2 rdacarrier 
504 |a Includes bibliographical references. 
520 8 |a Ritual landscapes and borders are recurring themes running through Professor Kalle Sognnes' long research career. This anthology contains 13 articles written by colleagues from his broad network in appreciation of his many contributions to the field of rock art research. 
521 |a Specialized. 
588 |a Description based on online resource; title from home page (viewed on March 14, 2016). 
650 0 |a Rock paintings. 
700 1 |a Stebergløkken, Heidrun,  |e editor. 
700 1 |a Berge, Ragnhild,  |e editor. 
700 1 |a Lindgaard, Eva,  |e editor. 
700 1 |a Stuedal, Vangen,  |e editor. 
700 1 |a Sognnes, Kalle,  |e honouree. 
776 0 8 |i Print version :  |z 9781784911584 
856 4 0 |3 Archaeopress  |u http://library.arce.org:8087/Archaeopress/Products/9781784911584 
942 |2 lcc  |c EBOOK 
952 |0 0  |1 0  |4 0  |6 GN0799 P4  |7 1  |9 46076  |a ARCH  |b ARCH  |d 2023-04-12  |l 0  |o GN799.P4  |r 2023-04-12 00:00:00  |w 2023-04-12  |y EBOOK 
999 |c 51734  |d 51734